How to Stop Worrying and Start Living (Record no. 10538)

MARC details
000 -LEADER
fixed length control field 00409nam a22001697a 4500
003 - CONTROL NUMBER IDENTIFIER
control field OSt
008 - FIXED-LENGTH DATA ELEMENTS--GENERAL INFORMATION
fixed length control field 210303b ||||| |||| 00| 0 eng d
020 ## - INTERNATIONAL STANDARD BOOK NUMBER
International Standard Book Number 9788129140197
082 ## - DEWEY DECIMAL CLASSIFICATION NUMBER
Classification number 158.1 CAH
100 ## - MAIN ENTRY--PERSONAL NAME
Personal name CARNEGIE, Dale
245 ## - TITLE STATEMENT
Title How to Stop Worrying and Start Living
250 ## - EDITION STATEMENT
Edition statement 11th
260 ## - PUBLICATION, DISTRIBUTION, ETC. (IMPRINT)
Place of publication, distribution, etc New Delhi
Name of publisher, distributor, etc Rupa Publication
Date of publication, distribution, etc 2021
300 ## - PHYSICAL DESCRIPTION
Extent 332
650 ## - SUBJECT ADDED ENTRY--TOPICAL TERM
Topical term or geographic name as entry element Geneal Books
942 ## - ADDED ENTRY ELEMENTS (KOHA)
Source of classification or shelving scheme Dewey Decimal Classification
Koha item type Text Books
Holdings
Withdrawn status Lost status Source of classification or shelving scheme Damaged status Not for loan Collection code Home library Current library Date acquired Source of acquisition Currency Cost, normal purchase price Bill Number Total Checkouts Full call number Acc. no. / Barcode Checked out Date last seen Date last borrowed Actual Cost, discounted price Bill Date Koha item type Public note
    Dewey Decimal Classification     GENERAL PIET C-LIBRARY PIET C-LIBRARY 03/03/2021 Kirti Prakashan Indian Rup 150.00 IN1743 6 158.1 CAH 32621 16/03/2026 26/08/2025 26/08/2025 100.50 01/03/2021 Text Books Motivational
    Dewey Decimal Classification     GENERAL PIET C-LIBRARY PIET C-LIBRARY 03/03/2021 Kirti Prakashan Indian Rup 150.00 IN1743 5 158.1 CAH 32622   25/10/2023 12/10/2023 100.50 01/03/2021 Text Books Motivational
    Dewey Decimal Classification     GENERAL PIET C-LIBRARY PIET C-LIBRARY 03/03/2021 Kirti Prakashan Indian Rup 150.00 IN1743 12 158.1 CAH 32623   01/09/2025 12/08/2025 100.50 01/03/2021 Text Books Motivational
    Dewey Decimal Classification     GENERAL PIET C-LIBRARY PIET C-LIBRARY 03/03/2021 Kirti Prakashan Indian Rup 150.00 IN1743 7 158.1 CAH 32624   21/04/2026 02/04/2026 100.50 01/03/2021 Text Books Motivational

Design & Developed by: PIET Central Library
R70 Miles Stone Pattikalyana Samalkha Panipat 132102
mail ID :- [email protected], Phone No:- 0180-2569700 Ex.216